The West End Branch at their third annual sale will offer a small miscellaneous collection of household comestibles and commodities in 15 lots (Record no. 114302)

MARC details
000 -LEADER
fixed length control field 00915cam a22001935a 4500
001 - CONTROL NUMBER
control field L156584
008 - FIXED-LENGTH DATA ELEMENTS--GENERAL INFORMATION
fixed length control field 120611s1931 xxk f 000 0 eng d
035 ## - SYSTEM CONTROL NUMBER
System control number (Sirsi) u156584
041 0# - LANGUAGE CODE
Language code of text/sound track or separate title eng
110 2# - MAIN ENTRY--CORPORATE NAME
Corporate name or jurisdiction name as entry element National Association of Auctioneers, House Agents, Rating Surveyors and Valuers
9 (RLIN) 4989
245 04 - TITLE STATEMENT
Title The West End Branch at their third annual sale will offer a small miscellaneous collection of household comestibles and commodities in 15 lots
Remainder of title on Wednesday, 4th March, 1931 at Pagani's Restaurant, Great Portland Street, W.1., the sale commences at 7 p.m. sharp
260 ## - PUBLICATION, DISTRIBUTION, ETC.
Place of publication, distribution, etc. [S.l.]
Name of publisher, distributor, etc. NAA
Date of publication, distribution, etc. 1931
300 ## - PHYSICAL DESCRIPTION
Extent [6 p.]
Dimensions 25 cm.
520 ## - SUMMARY, ETC.
Summary, etc. Humorous booklet given to guests at the third annual dinner of the NAA, with the menu and entertainment listed in the style of an auction catalogue.
651 #4 - SUBJECT ADDED ENTRY--GEOGRAPHIC NAME
Geographic name Great Britain
Chronological subdivision 1707-
690 ## - LOCAL SUBJECT ADDED ENTRY--TOPICAL TERM (OCLC, RLIN)
Topical term or geographic name as entry element Auctioneering
9 (RLIN) 6218
690 ## - LOCAL SUBJECT ADDED ENTRY--TOPICAL TERM (OCLC, RLIN)
Topical term or geographic name as entry element Valuation
9 (RLIN) 6273
942 ## - ADDED ENTRY ELEMENTS (KOHA)
Suppress in OPAC 0
Holdings
Withdrawn status Lost status Source of classification or shelving scheme Damaged status Not for loan Home library Current library Shelving location Date acquired Total Checkouts Full call number Barcode Date last seen Copy number Price effective from Koha item type
    Dewey Decimal Classification     Historic collection Historic collection RICS Boxes 11/06/2012   RICS 1931/8 30077575 06/08/2019 1 06/08/2019 Archive